000 00292nam a22001337a 4500
008 170615b xxu||||| |||| 00| 0 eng d
020 _a1568028288
041 _aeng
080 _a32
100 _a20
101 _aSHP
245 _aJUDICIAL PROCESS IN AMERICA
_cCARP, R.A
942 _2udc
_cBK
999 _c17665
_d17665